| 000 | 00773nam a22001937a 4500 | ||
|---|---|---|---|
| 999 |
_c17661 _d17661 |
||
| 003 | AR-CdUCM | ||
| 008 | 190509b ||||| |||| 00| 0 spa d | ||
| 040 |
_aMUNICIPALIDAD PROVINCIAL DEL CUSCO _cBIBLIOTECA MUNICIPAL DEL CUSCO |
||
| 082 |
_a301.11 / _bO63 |
||
| 100 |
_aOraison, Marc _92727 |
||
| 245 | _aPsicología de nuestros conflictos con los demás / | ||
| 260 |
_aBilbao : _bEdit. Mensajero _c1969. |
||
| 300 |
_a169 paginas ; _c20 cm. |
||
| 505 | _aContenido :¿Quien es el otro? --Municipalidad de los ¨Otros¨ --La elaboración progresiva de la relación con el ´´Otro´´--La relación de ausencia --La relación con el Otro -Dios / | ||
| 650 |
_aComportamiento _918319 |
||
| 650 |
_aPsicología _91538 |
||
| 942 |
_2ddc _cLIBROS |
||
| 945 |
_arjall _d2019-05-09 |
||